Histoire des Chevaliers De L'Ordre De S. Iean De Hierusalem: Contenant Levr Admirable Institutions & Police ...

Saved in:  
Bibliographic Details
Subtitles:Histoire de Malte
Histoire de Malte Auec les statuts et les Ordonnances de l'Ordre/ de la traduction de I. Bovdoin
Authors: Bosio, Giacomo 1544-1627 (Author) ; Naberat, Anne de (Adapter, Other)
Corporate Author: Johanniter (Other)
Contributors: Baudoin, Jean 1590-1650 (Editor) ; Vignacourt, Alof de ; Boissat, Pierre de 1556-1613 (Other) ; Souvré, Jacques de (Other) ; Jolly, Thomas -1694 (Other) ; Pas, C. de (Other)
Format: Print Book
Language:French
Subito Delivery Service: Order now.
Check availability: HBZ Gateway
WorldCat: WorldCat
Interlibrary Loan:Interlibrary Loan for the Fachinformationsdienste (Specialized Information Services in Germany)
Published: Paris Ioly 1659
In:Year: 1659
Edition:Derniere Edition
Standardized Subjects / Keyword chains:B Johanniter / Auxiliary sciences of history / History
Sammlungen:

MARC

LEADER 00000cam a2200000 c 4500
001 151387346
003 DE-627
005 20250714212900.0
007 tu
008 940501s1659 fr ||||| 00| ||fre c
026 |e reir rei- esr- viMa 3 1659R  |2 fei  |5 DE-39 
035 |a (DE-627)151387346 
035 |a (DE-576)9151387344 
035 |a (DE-599)GBV151387346 
035 |a (OCoLC)257616342 
040 |a DE-627  |b ger  |c DE-627  |e rakwb 
041 |a fre  |h ita 
044 |c XA-FR 
084 |a 11.50  |2 bkl 
100 1 |0 (DE-588)12960786X  |0 (DE-627)47475457X  |0 (DE-576)216573106  |4 aut  |a Bosio, Giacomo  |d 1544-1627 
109 |a Bosio, Giacomo 1544-1627  |a Bosius, Jacobus 1544-1627  |a Bosio, Iacomo 1544-1627  |a Bosio, Jacobus 1544-1627  |a Bosio, Jacomo 1544-1627 
240 1 0 |a Istoria della sacra religione di San-Giovanni Gierosolimitano <franz.> 
245 1 0 |a Histoire des Chevaliers De L'Ordre De S. Iean De Hierusalem  |b Contenant Levr Admirable Institutions & Police ...  |c Cy-devant escrite par le feu S. D. B. S. D. L. Diuisée par Chapitres, & augmentée de Sommaires ... ensemble d'vne Traduction des Establissemens & des Statuts de la Religion, par I. Bavdoin ... Où l'on a joint les Ordonnances du Chapitre General, tenu en l'an 1632. ... [par Alof de Vignacourt] ... Oevvre Enrichie D'Vn Grand Nombre de Figures ... Par F. A. De Naberat ... 
246 1 |i Nebent.  |a Histoire de Malte Auec les statuts et les Ordonnances de l'Ordre/ de la traduction de I. Bovdoin 
246 3 3 |a Histoire de Malte 
250 |a Derniere Edition 
264 1 |a Paris  |b Ioly  |c 1659 
300 |a [10] Bl., 510 S., [12], [12] Bl., 196, 28, 248 S., [5] gef. Bl.  |b Kupfert., 5 Kt. (Kupferst.), Ill. (Kupferst.), Portr. (Kupferst.)  |c 2° 
336 |a Text  |b txt  |2 rdacontent 
337 |a ohne Hilfsmittel zu benutzen  |b n  |2 rdamedia 
338 |a Band  |b nc  |2 rdacarrier 
500 |a Die Vorlage enth. insgesamt ... Werke 
500 |a Verf. ermittelt. - S. D. B. S. D. L. ist der Übersetzer Pierre de Boissat 
500 |a Vorlageform der Veröffentlichungsangabe: A Paris, Chez Thomas Ioly, Libraire Iuré, rue͏̈ S. Iacques, aux Armes d'Ollande 
689 0 0 |d b  |0 (DE-588)43583-1  |0 (DE-627)100999778  |0 (DE-576)190390220  |2 gnd  |a Johanniter 
689 0 1 |d s  |0 (DE-588)4128874-9  |0 (DE-627)105714062  |0 (DE-576)209605774  |2 gnd  |a Historische Hilfswissenschaften 
689 0 2 |q z  |2 gnd  |a Geschichte 
689 0 |5 (DE-627) 
700 1 |e Hrsg.  |0 (DE-588)100026230  |0 (DE-627)076583651  |0 (DE-576)217042694  |4 edt  |a Baudoin, Jean  |d 1590-1650 
700 1 |e Mitarb.  |0 (DE-588)1122845529  |0 (DE-627)87619403X  |0 (DE-576)481502394  |4 oth  |a Vignacourt, Alof de 
700 1 |e Bearb.  |0 (DE-588)115763902X  |0 (DE-627)1020327316  |0 (DE-576)503167282  |4 adp  |a Naberat, Anne de 
700 1 |e Übers.  |0 (DE-588)143200690  |0 (DE-627)643889051  |0 (DE-576)335602177  |4 oth  |a Boissat, Pierre de  |d 1556-1613 
700 1 |a Souvré, Jacques de  |e Widmungsempfänger  |4 oth 
700 1 2 |a Bosio, Giacomo  |d 1544-1627  |t Istoria della sacra religione di San-Giovanni Gierosolimitano <franz.> 
700 1 |8 1\p  |e Beiträger  |0 (DE-588)1037539184  |0 (DE-627)756105277  |0 (DE-576)391603558  |4 oth  |a Jolly, Thomas  |d -1694 
700 1 |a Pas, C. de  |e Beiträger k.  |4 oth 
700 1 |0 (DE-588)1037539184  |0 (DE-627)756105277  |0 (DE-576)391603558  |4 prt  |a Jolly, Thomas  |d -1694 
710 2 |0 (DE-588)43583-1  |0 (DE-627)100999778  |0 (DE-576)190390220  |4 oth  |a Johanniter 
883 |8 1\p  |a cgwrk  |d 20241001  |q DE-101  |u https://d-nb.info/provenance/plan#cgwrk 
935 |a FBGO  |a mteo 
935 |i SLoT 
936 b k |a 11.50  |j Kirchengeschichte  |j Dogmengeschichte  |q ARK  |0 (DE-627)106403877 
951 |a BO 
ELC |b 1 
LOK |0 000 xxxxxcx a22 zn 4500 
LOK |0 001 4555752228 
LOK |0 003 DE-627 
LOK |0 004 151387346 
LOK |0 005 20250203073315 
LOK |0 008 240723||||||||||||||||ger||||||| 
LOK |0 040   |a DE-Tue135  |c DE-627  |d DE-Tue135 
LOK |0 092   |o n 
LOK |0 852   |a DE-Tue135 
LOK |0 852 1  |9 00 
LOK |0 866   |x SPQUE#Forschungsbibliothek Gotha#SPSAM#Herzogliche Sammlung (Theologie)#SPSYS#03 Theologie 
LOK |0 866   |x SPQUE#Forschungsbibliothek Gotha#SPSAM#Bestand Theologie (bis 2024-03) 
LOK |0 935   |a FBGO  |a gohs  |a goth 
LOK |0 939   |a 23-07-24  |b l01 
ORI |a SA-MARC-ixtheoa001.raw 
STA 0 0 |a Auxiliary sciences of history,History,History,History in art 
STB 0 0 |a Histoire,Histoire,Histoire,Sciences auxiliaires de l'histoire 
STC 0 0 |a Ciencias auxiliares de la historia,Historia,Historia,Historia 
STD 0 0 |a Scienze ausiliarie della storia,Storia,Storia 
STE 0 0 |a 历史,史 
STF 0 0 |a 历史的辅助科学,歷史,史 
STG 0 0 |a Ciências auxiliares da história,História,História 
STH 0 0 |a Вспомогательные исторические дисциплины,История (мотив),История 
STI 0 0 |a Βοηθητικές επιστήμες της ιστορίας,Ιστορία (μοτίβο),Ιστορία 
SYG 0 0 |a Ordo Militiae Sancti Johannis Baptistae Hospitalis Hierosolimitani,Ordre Souverain Militaire de l'Hôpital de Saint-Jean de Jérusalem, Dit de Malte,Sovereign Military Order of the Hospital of St. John of Jerusalem, of Rhodes, and of Malta,OSM,OSM de Malte,Ordo Sancti Johannis Hierosolymitani,Ordre Souverain Militaire Hiérosolymitain de Malte,Ordre Souverain Militaire Hierosolymitain, Malte,Souveräner Ritterorden vom Hospital des Heiligen Johannes zu Jerusalem, Genannt von Rhodos, Genannt von Malta,OMel,Hoher Johanniter- oder Malthaeser Ritter-Orden,Ordem de São João de Jerusalem,Ritterlicher Orden St. Johannis vom Spital zu Jerusalem,Ritterlicher Orden Sankt Johannis vom Spital zu Jerusalem,United Religious and Military Orders of the Temple and of the Hospital of St. John of Jerusalem, Palestine, Rodes and Malta,Sovrano Militare Ordine Gerosolimitano di Malta,Ordre Souverain Militaire et Hospitalier de Saint Jean de Jerusalem, de Rhodes et de Malte,Maltheser-Orden,Sovereign Military Hospitaller Order of St. John of Jerusalem also Called of Rhodes also Called of Malta,Order of Saint John,Souveräner Malteser-Ritter-Orden,Der Souveräne Malteser-Ritter-Orden,Soberana Orden Militar de Malta,Orden de San Juan en España,Johanniter,Ordre Souverain de St. Jean de Jérusalem,Ordo Militiae Sancti Johannis Baptistae Hospitalis Hierosolymitani,Johanniter Orde in Nederland,Souveräner Ritter- und Hospitalorden vom Hl. Johannes zu Jerusalem von Rhodos und von Malta,Ordo Militiae Sancti Joannis Baptistae Hospitalis Hierosolymitani,Johanniterorden,Rhodiser,Sovrano Militare Ordine Ospedaliero di San Giovanni di Gerusalemme,Malteser-Orden,Ordre de Malte,Hospitaliter-Orden,Hospitaliers de Saint-Jean de Jérusalem,Knights of Malta,Ordre Souverain Militaire de Malte,Sovereign Order of Malta,Johanniterorden,Ordo Melitensis,Chevaliers de Malte,Johanniter-Malteser,Sovereign Military Hospitaller Order of St. John of Jerusalem of Rhodes and of Malta,Johanniterorden auf Malta,Sovrano Militare Ordine di Malta,Ritterlicher Orden von Sankt Johannis vom Spital zu Jerusalem,Ordo Sancti Johanni Hierosolymitani,Souveräner Ritterorden vom Hospital des Heiligen Johannes zu Jerusalem, genannt von Rhodos, genannt von Malta,Johanniter-Malteser-Ritter-Orden,Order of Saint John of Jerusalem,Johanniter-OrdenOrdo Militiae Sancti Johannis Baptistae Hospitalis Hierosolimitani,Order of Malta,Sovereign Military Order of the Hospital of Saint John of Jerusalem, of Rhodos, and of Malta,Military Order of the Hospital of Saint John of Jerusalem, of Rhodos, and of Malta,Order of the Hospital of Saint John of Jerusalem, of Rhodos, and of Malta,Johanniter-Malteser-Orden,Johanniter-Orden,Johanniter- oder Malteser-Ritter-Orden,Malteser-Ritter-Orden,Militare Ordine Ospedaliero di San Giovanni di Gerusalemme,Ordine Ospedaliero di San Giovanni di Gerusalemme,OSM,Hoher Johanniter- oder Malteser-Ritter-Orden,Orden von Sankt Johannis vom Spital zu Jerusalem,Orde de Sant Joan de Jerusalem , Geschichte,Geschichte,Geschichtliche Grundwissenschaften,Geschichtliche Hilfswissenschaften,Geschichtswissenschaft,Geschichtswissenschaft,Historische Grundwissenschaften,Geschichtswissenschaft , History,Geschichtliche Epoche,Historical development,Historische Entwicklung,Landesgeschichte,Regionalgeschichte,Ortsgeschichte,Zeitgeschichte